Fechas Bloques 1-4 EVAU - Estadísticas

Estadísticas generales
  • Esta prueba ha sido intentada 13 veces
    12 desde el último reinicio
  • La puntuación promedio es 19 de 102
Estadísticas de respuestas
Hint Respuesta % Correcto
Navas de Tolosa 1212
73%
Conquista de Granada 1492
64%
Isabel se casa con Fernando 1469
55%
Invasión musulmana 711
55%
Covadonga 722
55%
Día en el que se avista tierra 12 Octubre
45%
Caida imperio 476
45%
Guadalete 711
45%
Taifas 1as 1031
36%
Comienzo guerra de Granada, conquista de la Alhama 1481
36%
Tordesillas 1494
36%
Conquista de Navarra 1512
36%
Utretch 1713
36%
Poitiers 732
36%
Emirato independiente 756
36%
Califato 929
36%
Conquista Toledo 1085
27%
Peste Negra 1348
27%
Núñez de Balboa. Pacífico 1513
27%
Carlos I 1516
27%
Villalar 1521
27%
Pavía 1525
27%
Paz de Ausburgo 1555
27%
Abdicación Carlos. Felipe II 1556
27%
Lepanto 1571
27%
Expulsión moriscos 1609
27%
Rocroi 1643
27%
Paz de Westfalia 1648
27%
Muerte Carlos 1700
27%
Fernando VI 1746
27%
Fin conquista musulmana 714
27%
Rey don Pelayo 718
27%
Sagrajas 1086
18%
Almorávides 1090
18%
Alarcos 1195
18%
Unificación Castilla-León 1230
18%
Toros de Guisando 1468
18%
Tratado de Segovia 1475
18%
Santa Hermandad 1476
18%
Batalla de Toro 1476
18%
Alcaçovas 1479
18%
Muerte Juan II de Aragón 1479
18%
Sentencia de Guadalupe 1486
18%
Comuneros 1520
18%
Mülhberg 1547
18%
Felipe III 1598
18%
Traslado corte a Valladolid 1601
18%
Pax Hispánica. Inglaterra 1604
18%
Pax Hispánica. Países Bajos 1609
18%
Guerra 30 años* 1618 - 1648
18%
Felipe IV 1621
18%
Entrada España 30 años 1621
18%
Unión de Armas 1626
18%
Entrada Francia en los 30 años 1635
18%
Crisis (Sublevación catalano-portuguesa) 1640
18%
Destitución de Olivares 1643
18%
Paz de los Pirineos 1659
18%
Carlos II 1665
18%
Ratificado Felipe V 1701
18%
Carlos III 1759
18%
Motín Esquilache 1766
18%
Carlos IV 1788
18%
Legalización cristianismo 313
18%
III Concilio de Toledo 589
18%
Ordenamiento de Alcalá 1348
9%
Compromiso de Caspe 1410
9%
Reforma 1517
9%
Expedición de Magallanes - Elcano* 1519 - 1522
9%
San Quintín 1557
9%
Traslado corte a Madrid 1561
9%
Concilio de Trento 1563
9%
Rebelión de las Provincias Unidas 1566
9%
Alpujarras 1568
9%
Unificación Ibérica 1580
9%
Armada 1588
9%
Antonio Pérez 1591
9%
Cataluña jura fidelidad a Felipe IV 1652
9%
Guerra secesión* 1701 - 1714
9%
Liberalización comercio con América 1778
9%
Introducción telares mecánicos en Cataluña 1780
9%
Cristianismo religión oficial 380
9%
Día partida a América 3 Agosto
9%
Vouillé 507
9%
Historia comienzo 1.000
0%
Paleolítico medio comienzo 100.000
0%
Crisis califal 1008
0%
Conquista Zaragoza 1118
0%
Almohades capturan Sevilla 1144
0%
Unificación Aragón-Cataluña 1164
0%
Almohades capturan Murcia 1172
0%
Cortes de León 1188
0%
Paleolítico inferior comienzo. Homo Antecessor 1.200.000
0%
Enrique II gana guerra civil 1369
0%
Cortés. Imperio Azteca* 1519 - 1521
0%
Pizarro. Imperio Inca* 1527 - 1533
0%
Mendoza. Río de la Plata 1536
0%
Edad de los metales comienzo 3.000
0%
Paleolítico superior comienzo 35.000
0%
Neolítico comienzo 5.500
0%
Fuero Juzgo 654
0%
Mesolítico comienzo 8.000
0%
Aceifas Al-Mansur* 977-1002
0%
No se encontraron pruebas coincidentes
Distribución de puntuación
Porcentaje de gente con cada puntuación
Porcentaje por número respondido
Historial de tus puntuaciones
No has intentado esta prueba desde el último reinicio